000
00266nam a2200097Ia 4500
008
230508s2011 xx 000 0 und d
041
_a
eng
100
_a
K. K. CHITKARA
245
_a
CONSTRUCTION PROJECT MANAGEMANT (P. SC. &CON)
260
_b
TATA MC GRAWHILL EDU
_c
2011
999
_c
314060
_d
314060